Do Quran / (Record no. 187766)
[ view plain ]
| 000 -LEADER | |
|---|---|
| fixed length control field | 00394 a2200157 4500 |
| 003 - CONTROL NUMBER IDENTIFIER | |
| control field | Nust |
| 005 - DATE AND TIME OF LATEST TRANSACTION | |
| control field | 20230302091714.0 |
| 040 ## - CATALOGING SOURCE | |
| Transcribing agency | Nust |
| 082 ## - DEWEY DECIMAL CLASSIFICATION NUMBER | |
| Classification number | 297.122,BAR |
| 100 ## - MAIN ENTRY--PERSONAL NAME | |
| Personal name | Barq, Dr. Ghulam Ghilani |
| 9 (RLIN) | 109708 |
| 245 ## - TITLE STATEMENT | |
| Title | Do Quran / |
| Statement of responsibility, etc. | Dr. Ghulam Ghilani Barq |
| 260 ## - PUBLICATION, DISTRIBUTION, ETC. | |
| Place of publication, distribution, etc. | Lahore |
| Name of publisher, distributor, etc. | Sheikh Ghulam Ghilani pub |
| 300 ## - PHYSICAL DESCRIPTION | |
| Extent | 362:p |
| 650 ## - SUBJECT ADDED ENTRY--TOPICAL TERM | |
| Topical term or geographic name entry element | Quran |
| 9 (RLIN) | 104355 |
| 942 ## - ADDED ENTRY ELEMENTS (KOHA) | |
| Source of classification or shelving scheme | |
| Koha item type | Book |
| Call number prefix | 297.122,BAR |
| Withdrawn status | Lost status | Source of classification or shelving scheme | Damaged status | Not for loan | Permanent Location | Current Location | Shelving location | Date acquired | Total Checkouts | Full call number | Barcode | Date last seen | Date last checked out | Price effective from | Koha item type | Public note |
|---|---|---|---|---|---|---|---|---|---|---|---|---|---|---|---|---|
| Military College of Signals (MCS) | Military College of Signals (MCS) | General Stacks | 12/12/2016 | 2 | 297.122,BAR | MCS31408 | 01/24/2025 | 01/07/2025 | 12/12/2016 | Book | Almirah No. 63, Shelf No. 3 |
